Tomatoes - Sudden Death - Statistics

General Stats
  • This quiz has been taken 45 times
  • The average score is 4 of 15
Answers on the Grid
Answers color-coded by a green-red scale on the quiz's grid according to % correct below.
Cherry
Beefstake
Hungarian Wax
Brandywine
Chimayo
Hillbilly
Golden Wonder
Russet
Melody
Early Girl
Roma
Maris
Fingerling
Dent
Campari
Celebrity
Cameo
Northern Spy
Garden Peach
Grape
San Marzano
Raf
Perseus
Longfellow
Batwing
Navy
Pinto
Pequin
Bell
Tomaccio
 
Answer Stats
Answer % Correct
Cherry
77%
Roma
54%
Grape
51%
Beefstake
46%
San Marzano
40%
Brandywine
20%
Campari
17%
Celebrity
14%
Early Girl
11%
Tomaccio
11%
Garden Peach
6%
Perseus
6%
Hillbilly
3%
Raf
3%
Melody
0%
No matching quizzes found
Score Distribution
Percent of People with Each Score
Percentile by Number Answered
Your Score History
You have not taken this quiz